000 00360pam a2200157a 44500
008 230405s2004 xxu||||| |||| 00| 0 eng d
041 _aENG
100 _aTim Ambler
245 _aMarketing and the Bottom line
250 _a1
260 _a
_bPearson Education Asia 1
_c2004
300 _a178p,24cms
440 _a295
690 _aIMRDA
906 _a2601
999 _c255460
_d255460